| 000 | 00730nab a2200229 4500 | ||
|---|---|---|---|
| 003 | BR-BrBNA | ||
| 005 | 20260315231556.0 | ||
| 008 | 260315b bl.||||| |||| 00| 0 por d | ||
| 040 |
_aBR-BrBNA _bpor |
||
| 072 | _aP06 ; P05 | ||
| 100 | _aSantos, Bruno | ||
| 245 |
_aO futuro chegou _bAgronegócios |
||
| 500 | _a3 illus. | ||
| 650 | _aBIOCOMBUSTÍVEL | ||
| 650 | _aGESTÃO DE RESÍDUOS | ||
| 650 | _aBAGAÇO | ||
| 650 | _aCOMPOSTAGEM | ||
| 650 | _aENERGIA RENOVÁVEL | ||
| 773 | 0 |
_01706 _9348147 _dSão Paulo-SP Editora Três Ltda - E-mail: luizfsa@revistadinheiro.com.br 2004 _o2025-0637 _tDinheiro Rural (Brazil) _x1807-3700 _gv. 10(123) p. 58-59; (Mar 2015) _wBR2026000376 |
|
| 942 | _cANA | ||
| 999 |
_c340400 _d340400 |
||